000 00420nam a2200169Ia 4500
008 180921t2015 xxu||||| |||| 00| 0 sin d
041 _asin
080 _aX398
_bRAN
100 _aRanasingha, PH
245 _aජනකවි මුතුහර
246 _aJanakavi Muthuhara
260 _bGunasena
_aColombo
_c2015
300 _b46p, 22cm
942 _cBK
999 _c4512
_d4512
003 LK-CoDNM
040 _aLK-CoDNM
_dLK-CoDNM
_eLK-CoDNM